000 00656nam a2200229Ii 4500
003 JO-AjNU
008 230605s9999||||xx |||||||||||||| ||und||
017 _a2003/3184
020 _a9957-11-576-6
040 _aJO-AjNU
_bara
_erda
_cJO-AjNU
041 _aara
050 1 4 _aQA76.73.C153.H812 2007
100 3 _aقطيشات ، منيب ,
_eauthor
_928822
245 0 0 _aقواعد البيانات
250 _aط3
264 3 1 _aعمان:دار وائل ، 2007
300 _a364ص
336 _atext
_btxt
_2rdacontent
337 _aunmediated
_bn
_2rdamedia
338 _avolume
_bnc
_2rdacarrier
650 4 _aقواعد البيانات
_928823
999 _aA11226
_c14794
_d14794